=LDR 00000nam 2200000 4500 =001 INLIS000000000047247 =005 20150921114227.0 =006 =007 =008 =020 ##$$a 979-3464-10-0 =035 ##$$0010-091500000000077 =040 ##$$a ind =082 ##$$a 659.1 =090 ##$$a 659.1 $b I =100 ##$$a Lee, Monle =245 ##$$a Prinsip-Prinsip Periklanan =250 ##$$a Ed.1 cet.1 =260 ##$$a Jakarta $b Prenada $c 2004 =850 ##$$a NBPDMAT =990 ##$$a 0001/BPAP-NTB/2015